[Event "Benidorm Bali op-A"]
[Site "Benidorm"]
[Date "2023.12.07"]
[Round "8"]
[White "Kennaugh, Charles"]
[Black "Donate Moreno, Silvia"]
[Result "0-1"]
[WhiteElo "2249"]
[BlackElo "2156"]
[PlyCount "114"]
[EventDate "2023.12.01"]
[EventType "swiss"]
[EventRounds "9"]
[EventCountry "ESP"]
[SourceTitle "CB50_2023"]
[SourceDate "2023.12.13"]
[SourceVersion "1"]
[SourceVersionDate "2023.12.13"]
[SourceQuality "1"]

1. e4 c5 2. Nf3 d6 3. d4 cxd4 4. Nxd4 Nf6 5. Nc3 a6 6. a4 e5 7. Nf3 Be7 8. Bg5 Nc6 9. Bxf6 Bxf6 10. Nd5 0-0 11. Bc4 Be6 12. 0-0 Rc8 13. Qd3 Nb4 14. Qb3 Bxd5 15. Bxd5 Qa5 16. c3 Nxd5 17. exd5 Qc7 18. Rfe1 Bd8 19. Re4 f5 20. Rb4 Rf7 21. Re1 Qd7 22. Nd2 Ba5 23. Rc4 Rcf8 24. Qc2 g5 25. b4 Bd8 26. f3 Bb6+ 27. Kh1 h5 28. a5 Bd8 29. Qd3 g4 30. f4 Bf6 31. fxe5 Bxe5 32. Nb3 Re8 33. Rf1 Kg7 34. Nd4 Bxd4 35. Rxd4 Qe7 36. Rdf4 Qe3 37. Qb1 Re5 38. c4 h4 39. Qc1 Qxc1 40. Rxc1 Rc7 41. Rd4 Kf6 42. Kg1 Re4 43. Rxe4 fxe4 44. Kf2 Ke5 45. Ke3 Rf7 46. Rd1 h3 47. g3 Rf3+ 48. Ke2 Rb3 49. b5 Rc3 50. bxa6 bxa6 51. Rb1 Rxc4 52. Rb8 Kd4 53. Rg8 Rc2+ 54. Kd1 Rxh2 55. Rxg4 Kd3 56. Kc1 e3 57. Ra4 Rc2+ 0-1

[Event "BCF-chT2b 1112 (4NCL)"]
[Site "England"]
[Date "2012.01.14"]
[Round "3.3"]
[White "Kennaugh, Charles"]
[Black "Truran, Michael C"]
[Result "1/2-1/2"]
[WhiteElo "2251"]
[BlackElo "2195"]
[PlyCount "85"]
[EventDate "2011.11.12"]
[EventType "team-match"]
[EventRounds "7"]
[EventCountry "ENG"]
[SourceTitle "EXT 2013"]
[Source "ChessBase"]
[SourceDate "2012.11.22"]
[SourceVersion "1"]
[SourceVersionDate "2012.11.22"]
[SourceQuality "1"]
[WhiteTeam "South Wales Dragons"]
[BlackTeam "Brown Jack"]
[WhiteTeamCountry "ENG"]
[BlackTeamCountry "ENG"]

1. e4 c5 2. Nc3 a6 3. g3 Nc6 4. Bg2 g6 5. f4 Bg7 6. Nf3 d6 7. 0-0 e6 8. d3 Nge7 9. Be3 Nd4 10. Qd2 0-0 11. Rfe1 Bd7 12. Ne2 Nxe2+ 13. Rxe2 Rc8 14. c3 f5 15. Rd1 Qa5 16. a3 Rfd8 17. Qe1 h6 18. Bf2 Nc6 19. exf5 exf5 20. Nh4 Kh7 21. Bd5 Rf8 22. Rdd2 Rce8 23. Bf7 Rxf7 24. Rxe8 Bxe8 25. Qxe8 Qc7 26. Re2 Bf6 27. Nf3 Re7 28. Rxe7+ Qxe7 29. Qxe7+ Bxe7 30. d4 cxd4 31. Nxd4 Nxd4 32. Bxd4 Kg8 33. Kf2 Kf7 34. Ke3 Ke6 35. Bg7 h5 36. Kd3 h4 37. a4 hxg3 38. hxg3 g5 39. Bh6 gxf4 40. Bxf4 Bd8 41. Kc4 Bb6 42. b4 Bf2 43. Kd3 1/2-1/2

[Event "EU Union-ch 4th"]
[Site "Liverpool"]
[Date "2008.09.11"]
[Round "3"]
[White "Gorman, John A"]
[Black "Kennaugh, Charles"]
[Result "0-1"]
[WhiteElo "1937"]
[BlackElo "2281"]
[PlyCount "32"]
[EventDate "2008.09.09"]
[EventType "swiss"]
[EventRounds "10"]
[EventCountry "ENG"]
[SourceTitle "CBM 126 Extra"]
[Source "ChessBase"]
[SourceDate "2008.11.05"]
[SourceVersion "1"]
[SourceVersionDate "2008.11.05"]
[SourceQuality "1"]

1. Nf3 d6 2. b3 e5 3. e3 f5 4. c4 Nf6 5. Bb2 Be7 6. Be2 0-0 7. 0-0 Kh8 8. Nc3 Na6 9. d3 Qe8 10. Nd2 Qg6 11. f4 Bd7 12. Nd5 Nxd5 13. cxd5 exf4 14. exf4 Nb4 15. Rc1 Nxd5 16. Bf3 Ne3 0-1

[Event "BCF-chT 0708 (4NCL)"]
[Site "Sunningdale"]
[Date "2007.11.11"]
[Round "4.5"]
[White "Howell, David"]
[Black "Kennaugh, Charles"]
[Result "1-0"]
[WhiteElo "2519"]
[BlackElo "2294"]
[PlyCount "77"]
[EventDate "2007.09.15"]
[EventType "team-tourn"]
[EventRounds "11"]
[EventCountry "ENG"]
[SourceTitle "EXT 2008"]
[Source "ChessBase"]
[SourceDate "2007.11.25"]
[SourceVersion "1"]
[SourceVersionDate "2007.11.25"]
[SourceQuality "1"]
[WhiteTeam "Guildford"]
[BlackTeam "North West Eagles"]
[WhiteTeamCountry "ENG"]
[BlackTeamCountry "ENG"]

1. e4 e5 2. Nf3 Nc6 3. Bb5 f5 4. d3 Nf6 5. exf5 Be7 6. h3 0-0 7. g4 Nd4 8. Ba4 Nxf3+ 9. Qxf3 d5 10. Bb3 c6 11. c4 g6 12. g5 e4 13. Qg2 Nh5 14. dxe4 dxe4 15. f6 Bb4+ 16. Bd2 Nf4 17. Qg3 Nd3+ 18. Ke2 Bc5 19. Be3 Qb6 20. Nc3 Bf5 21. Na4 Qa5 22. Nxc5 Nxc5 23. Qd6 Ne6 24. Rad1 c5 25. Rd5 Rad8 26. Qe5 b6 27. Rhd1 Rde8 28. Qg3 Qa6 29. Rd7 Qc8 30. Ke1 a5 31. Ba4 Nd4 32. Rg7+ Kh8 33. Bxe8 Nf3+ 34. Ke2 Qe6 35. Rxh7+ Kxh7 36. Qc7+ Rf7 37. Bxf7 Nd4+ 38. Rxd4 Bg4+ 39. Kd2 1-0

[Event "BCF-chT 0708 (4NCL)"]
[Site "Sunningdale"]
[Date "2007.11.10"]
[Round "3.7"]
[White "Kennaugh, Charles"]
[Black "Longson, Sarah N"]
[Result "0-1"]
[WhiteElo "2294"]
[BlackElo "1967"]
[PlyCount "48"]
[EventDate "2007.09.15"]
[EventType "team-tourn"]
[EventRounds "11"]
[EventCountry "ENG"]
[SourceTitle "EXT 2008"]
[Source "ChessBase"]
[SourceDate "2007.11.25"]
[SourceVersion "1"]
[SourceVersionDate "2007.11.25"]
[SourceQuality "1"]
[WhiteTeam "North West Eagles"]
[BlackTeam "Wood Green London"]
[WhiteTeamCountry "ENG"]
[BlackTeamCountry "ENG"]

1. e4 c5 2. Nf3 Nc6 3. d4 cxd4 4. Nxd4 g6 5. c4 Bg7 6. Be3 Nf6 7. Nc3 Ng4 8. Qxg4 Nxd4 9. Qd1 e5 10. Nb5 0-0 11. Qd2 Qe7 12. f3 Nxb5 13. cxb5 Rd8 14. Bc4 d5 15. exd5 Qh4+ 16. g3 Qxc4 17. d6 Qxb5 18. Rc1 Be6 19. h4 Qd5 20. Qf2 Qxd6 21. h5 Rac8 22. Ra1 Qd3 23. Rh2 Bf8 24. a3 Bb3 0-1

[Event "Liverpool op"]
[Site "Liverpool"]
[Date "2007.09.09"]
[Round "9"]
[White "Kennaugh, Charles"]
[Black "Hebden, Mark"]
[Result "0-1"]
[WhiteElo "2294"]
[BlackElo "2540"]
[PlyCount "104"]
[EventDate "2007.09.03"]
[EventType "swiss"]
[EventRounds "9"]
[EventCountry "ENG"]
[SourceTitle "CBM 120 Extra"]
[Source "ChessBase"]
[SourceDate "2007.11.01"]
[SourceVersion "1"]
[SourceVersionDate "2007.11.01"]
[SourceQuality "1"]

1. e4 e5 2. f4 exf4 3. Bc4 Nf6 4. Nc3 c6 5. Bb3 d5 6. exd5 cxd5 7. Nf3 Nc6 8. 0-0 Bb4 9. d4 0-0 10. Bxf4 Bxc3 11. bxc3 Ne4 12. Qd3 Bf5 13. Ng5 Na5 14. Nxe4 Bxe4 15. Qg3 Rc8 16. Rae1 Rc6 17. Rf2 Rg6 18. Qh3 Qc8 19. Re3 Qxh3 20. Rxh3 Rc8 21. Bd2 Nc4 22. Rh5 Nxd2 23. Rxd2 f5 24. Rf2 Rf6 25. g4 g6 26. Rh3 fxg4 27. Re3 Kg7 28. c4 dxc4 29. Rxe4 cxb3 30. cxb3 Rxf2 31. Kxf2 Rc2+ 32. Kg3 h5 33. Re7+ Kf6 34. Rxb7 Rxa2 35. b4 Ra3+ 36. Kg2 h4 37. b5 h3+ 38. Kf2 Ra2+ 39. Kg1 Ra1+ 40. Kf2 Rh1 41. Rxa7 Rxh2+ 42. Kg1 Rg2+ 43. Kh1 Rb2 44. Ra3 Kf5 45. d5 Rxb5 46. Rd3 Ke4 47. Rg3 Rb1+ 48. Kh2 Rb2+ 49. Kh1 Kf4 50. Rd3 g3 51. Rd1 h2 52. d6 Kg4 0-1

[Event "Liverpool op"]
[Site "Liverpool"]
[Date "2007.09.08"]
[Round "8"]
[White "Glud, Jakob Vang"]
[Black "Kennaugh, Charles"]
[Result "0-1"]
[WhiteElo "2424"]
[BlackElo "2294"]
[PlyCount "74"]
[EventDate "2007.09.03"]
[EventType "swiss"]
[EventRounds "9"]
[EventCountry "ENG"]
[SourceTitle "CBM 120 Extra"]
[Source "ChessBase"]
[SourceDate "2007.11.01"]
[SourceVersion "1"]
[SourceVersionDate "2007.11.01"]
[SourceQuality "1"]

1. d4 Nf6 2. Nf3 c5 3. c3 b6 4. Bg5 e6 5. e4 h6 6. Bxf6 Qxf6 7. Bd3 Bb7 8. 0-0 Qd8 9. Nbd2 Be7 10. a4 cxd4 11. cxd4 Nc6 12. Qb3 Rc8 13. a5 Nb4 14. a6 Ba8 15. Bb5 0-0 16. Ra4 Nc6 17. d5 Na5 18. Qd3 exd5 19. exd5 Rc5 20. Rd4 Bf6 21. b4 Bxd4 22. bxc5 Bxc5 23. Ne4 Qe7 24. Re1 f5 25. Nc3 Qd6 26. Ne5 Re8 27. Qxf5 Rf8 28. Nf7 Rxf7 29. Re8+ Rf8 30. Ne4 Qe7 31. Rxa8 Rxa8 32. Bxd7 Rf8 33. d6 Bxd6 34. Qd5+ Kh7 35. Bf5+ Kh8 36. Qxd6 Qxd6 37. Nxd6 Rf6 0-1

[Event "Liverpool op"]
[Site "Liverpool"]
[Date "2007.09.05"]
[Round "4"]
[White "Ewart, Brian R"]
[Black "Kennaugh, Charles"]
[Result "0-1"]
[WhiteElo "1893"]
[BlackElo "2294"]
[PlyCount "38"]
[EventDate "2007.09.03"]
[EventType "swiss"]
[EventRounds "9"]
[EventCountry "ENG"]
[SourceTitle "CBM 120 Extra"]
[Source "ChessBase"]
[SourceDate "2007.11.01"]
[SourceVersion "1"]
[SourceVersionDate "2007.11.01"]
[SourceQuality "1"]

1. d4 Nf6 2. Nf3 c5 3. d5 b5 4. Bg5 Qb6 5. Nc3 Bb7 6. Bxf6 exf6 7. e4 c4 8. a4 Bc5 9. Qd2 a6 10. axb5 axb5 11. Rxa8 Bxa8 12. b3 0-0 13. bxc4 bxc4 14. Bxc4 Bb4 15. Ke2 Qa5 16. Kd3 Rc8 17. Rb1 Na6 18. Bxa6 Qxa6+ 19. Ke3 Bxc3 0-1

[Event "Liverpool op"]
[Site "Liverpool"]
[Date "2007.09.03"]
[Round "1"]
[White "Kennaugh, Charles"]
[Black "Williams, Simon Kim"]
[Result "0-1"]
[WhiteElo "2294"]
[BlackElo "2480"]
[PlyCount "64"]
[EventDate "2007.09.03"]
[EventType "swiss"]
[EventRounds "9"]
[EventCountry "ENG"]
[SourceTitle "CBM 120 Extra"]
[Source "ChessBase"]
[SourceDate "2007.11.01"]
[SourceVersion "1"]
[SourceVersionDate "2007.11.01"]
[SourceQuality "1"]

1. e4 e6 2. d4 d5 3. Nc3 Bb4 4. e5 c5 5. Bd2 Nh6 6. Nf3 Nc6 7. dxc5 Ng4 8. Na4 Bxd2+ 9. Qxd2 Ngxe5 10. Nxe5 Nxe5 11. 0-0-0 0-0 12. f4 Ng4 13. Bd3 Bd7 14. h3 Nf6 15. Nc3 Rc8 16. Qf2 Qa5 17. g4 Rxc5 18. Kb1 Rfc8 19. Rhe1 Rxc3 20. bxc3 Rxc3 21. Qd2 Qc5 22. Qe3 d4 23. Qe5 Qb4+ 24. Ka1 Rc5 25. Qb8+ Rc8 26. Qxa7 Ba4 27. Rc1 Nd5 28. Be4 g6 29. c4 dxc3 30. Rb1 Qc4 31. Bc2 Bxc2 32. Rxb7 Qxf4 0-1

[Event "BCF-chT 0607 (4NCL)"]
[Site "Sunningdale"]
[Date "2007.03.03"]
[Round "7.5"]
[White "Kennaugh, Charles"]
[Black "King, Daniel J"]
[Result "1/2-1/2"]
[WhiteElo "2287"]
[BlackElo "2528"]
[PlyCount "105"]
[EventDate "2006.09.16"]
[EventType "team"]
[EventRounds "11"]
[EventCountry "ENG"]
[SourceTitle "EXT 2008"]
[Source "ChessBase"]
[SourceDate "2007.11.25"]
[SourceVersion "1"]
[SourceVersionDate "2007.11.25"]
[SourceQuality "1"]
[WhiteTeam "NW Eagles"]
[BlackTeam "Guildford"]
[WhiteTeamCountry "ENG"]
[BlackTeamCountry "ENG"]

1. e4 c5 2. Nf3 d6 3. d4 cxd4 4. Nxd4 Nf6 5. Nc3 a6 6. Bc4 e6 7. Bb3 Nbd7 8. Bg5 Nc5 9. Qf3 Be7 10. 0-0-0 Qa5 11. h4 Bd7 12. Kb1 0-0 13. Bd2 Qb6 14. Be3 Bc6 15. Nxc6 Qxc6 16. Bxc5 Qxc5 17. e5 dxe5 18. Qxb7 a5 19. Na4 Qb4 20. Qxb4 axb4 21. Rhe1 Rfd8 22. c3 Ng4 23. Rxd8+ Rxd8 24. f3 Nf2 25. Re2 Nd3 26. g3 bxc3 27. Nxc3 Rb8 28. Bc4 Nb4 29. Rxe5 Bd6 30. Rb5 Bxg3 31. Rxb8+ Bxb8 32. Bb5 h5 33. a3 Nd5 34. Nxd5 exd5 35. Bc6 g5 36. hxg5 h4 37. f4 Bxf4 38. Bxd5 Bxg5 39. Kc2 Kf8 40. b4 Ke7 41. Kd3 Kd6 42. Bxf7 Kc7 43. Be6 Kb6 44. a4 Be7 45. Kc4 Ka7 46. a5 Bd6 47. Bh3 Be7 48. Kb5 Bd6 49. Bg2 Be7 50. Ka4 Bd6 51. b5 Bc7 52. Kb4 Bd8 53. b6+ 1/2-1/2

[Event "BCF-chT 0607 (4NCL)"]
[Site "Sunningdale"]
[Date "2006.11.12"]
[Round "4.6"]
[White "Berry, Neil"]
[Black "Kennaugh, Charles"]
[Result "1/2-1/2"]
[WhiteElo "2312"]
[BlackElo "2279"]
[PlyCount "64"]
[EventDate "2006.09.16"]
[EventType "team"]
[EventRounds "11"]
[EventCountry "ENG"]
[SourceTitle "CBM 115 Extra"]
[Source "ChessBase"]
[SourceDate "2007.01.10"]
[SourceVersion "1"]
[SourceVersionDate "2007.01.10"]
[SourceQuality "1"]
[WhiteTeam "Barbican"]
[BlackTeam "NW Eagles"]
[WhiteTeamCountry "ENG"]
[BlackTeamCountry "ENG"]

1. d4 d5 2. Nf3 c6 3. c4 e6 4. Nc3 dxc4 5. a4 Bb4 6. e3 b5 7. Bd2 a5 8. axb5 Bxc3 9. Bxc3 cxb5 10. b3 Bb7 11. bxc4 b4 12. Bb2 Nf6 13. Bd3 Nbd7 14. 0-0 Qc7 15. Re1 0-0 16. e4 e5 17. c5 Ba6 18. Rc1 Bxd3 19. Qxd3 Rfd8 20. c6 Nf8 21. Qb5 exd4 22. Bxd4 Ne6 23. Be5 Qe7 24. c7 Rdc8 25. Nh4 g6 26. Bb2 Nxc7 27. Qg5 Nce8 28. Nf5 Qe6 29. Nh6+ Kf8 30. Rxc8 Rxc8 31. Qxa5 Qc4 32. h3 Rc5 1/2-1/2

[Event "BCF-chT 0607 (4NCL)"]
[Site "Sunningdale"]
[Date "2006.11.11"]
[Round "3.6"]
[White "Kennaugh, Charles"]
[Black "Buckley, David"]
[Result "1/2-1/2"]
[WhiteElo "2279"]
[BlackElo "2241"]
[PlyCount "46"]
[EventDate "2006.09.16"]
[EventType "team"]
[EventRounds "11"]
[EventCountry "ENG"]
[SourceTitle "EXT 2008"]
[Source "ChessBase"]
[SourceDate "2007.11.25"]
[SourceVersion "1"]
[SourceVersionDate "2007.11.25"]
[SourceQuality "1"]
[WhiteTeam "NW Eagles"]
[BlackTeam "Bristol"]
[WhiteTeamCountry "ENG"]
[BlackTeamCountry "ENG"]

1. e4 c5 2. Nf3 d6 3. d4 cxd4 4. Nxd4 Nf6 5. Nc3 Nc6 6. Bg5 e6 7. Bb5 Bd7 8. 0-0 Be7 9. Re1 0-0 10. Nxc6 Bxc6 11. Bxc6 bxc6 12. Qf3 Rb8 13. b3 Qa5 14. e5 dxe5 15. Ne4 Nxe4 16. Bxe7 Rfe8 17. Qxe4 Rxe7 18. Qxc6 Rc7 19. Qd6 Qc3 20. Rad1 g6 21. Re2 Rbc8 22. h4 h5 23. g3 Qb2 1/2-1/2

[Event "BCF-chT 0607 (4NCL)"]
[Site "Sunningdale"]
[Date "2006.09.16"]
[Round "1.5"]
[White "Richardson, John R"]
[Black "Kennaugh, Charles"]
[Result "0-1"]
[WhiteElo "2327"]
[BlackElo "2279"]
[PlyCount "124"]
[EventDate "2006.09.16"]
[EventType "team"]
[EventRounds "11"]
[EventCountry "ENG"]
[SourceTitle "EXT 2008"]
[Source "ChessBase"]
[SourceDate "2007.11.25"]
[SourceVersion "1"]
[SourceVersionDate "2007.11.25"]
[SourceQuality "1"]
[WhiteTeam "The ADS"]
[BlackTeam "NW Eagles"]
[WhiteTeamCountry "ENG"]
[BlackTeamCountry "ENG"]

1. d4 d5 2. Nf3 c6 3. c4 e6 4. e3 f5 5. Bd3 Bd6 6. b3 Nh6 7. 0-0 Nd7 8. Ba3 Bxa3 9. Nxa3 0-0 10. b4 Qe7 11. Qb3 Nf6 12. b5 Nf7 13. bxc6 bxc6 14. cxd5 exd5 15. Rab1 a5 16. Nc2 Ne4 17. Qa3 Qxa3 18. Nxa3 Ba6 19. Bxa6 Rxa6 20. Rfc1 Ned6 21. Ne1 g5 22. Nd3 Re8 23. Kf1 Ne4 24. Rb7 Nfd6 25. Rb2 f4 26. exf4 Nf5 27. Nc2 gxf4 28. Nxf4 Nd2+ 29. Kg1 Re4 30. Rb8+ Kf7 31. Nh3 h6 32. f3 Nxd4 33. Rd1 N2xf3+ 34. gxf3 Nxf3+ 35. Kf2 Nxh2 36. Kg3 Re2 37. Nd4 Rxa2 38. Rdb1 c5 39. R1b7+ Kf6 40. Rf8+ Ke5 41. Ne2 Rg6+ 42. Kh4 Rf6 43. Rxf6 Kxf6 44. Nhf4 d4 45. Rb6+ Kf5 46. Rb5 Nf3+ 47. Kg3 Ra3 48. Rxc5+ Ne5+ 49. Kf2 Ke4 50. Nxd4 Kxd4 51. Ne6+ Ke4 52. Rc8 Ra2+ 53. Kg3 a4 54. Rh8 a3 55. Rxh6 Rc2 56. Rh8 a2 57. Ra8 Nd3 58. Ra4+ Ke3 59. Nd4 Rb2 60. Nb5 Kd2 61. Ra3 Nc1 62. Nd4 Rb1 0-1

[Event "BCF-chT 0506 (4NCL)"]
[Site "Birmingham"]
[Date "2005.10.23"]
[Round "2.3"]
[White "Collins, Sam E"]
[Black "Kennaugh, Charles"]
[Result "1-0"]
[WhiteElo "2408"]
[BlackElo "2274"]
[PlyCount "53"]
[EventDate "2005.10.22"]
[EventType "team"]
[EventRounds "11"]
[EventCountry "ENG"]
[SourceTitle "EXT 2007"]
[Source "ChessBase"]
[SourceDate "2006.11.23"]
[SourceVersion "1"]
[SourceVersionDate "2006.11.23"]
[SourceQuality "1"]
[WhiteTeam "Barbican"]
[BlackTeam "Micro Mark NWE"]
[WhiteTeamCountry "ENG"]
[BlackTeamCountry "ENG"]

1. Nf3 d5 2. d4 c6 3. c4 e6 4. Bg5 Qa5+ 5. Bd2 Qc7 6. Qc2 Nf6 7. g3 b6 8. Bg2 Ba6 9. b3 Nbd7 10. 0-0 Rc8 11. a4 Bd6 12. a5 Qb7 13. axb6 axb6 14. Nc3 0-0 15. e4 dxc4 16. e5 cxb3 17. Qxb3 Bxf1 18. Rxf1 Be7 19. exf6 Nxf6 20. Re1 Nd5 21. Ne5 Rfd8 22. Bh3 Ra8 23. Nxf7 Kxf7 24. Bxe6+ Kf8 25. Nxd5 Ra3 26. Qb1 Rxd5 27. Qxh7 1-0

[Event "BCF-chT 0405 (4NCL)"]
[Site "West Bromwich"]
[Date "2005.01.23"]
[Round "6.3"]
[White "Gallagher, Joseph G"]
[Black "Kennaugh, Charles"]
[Result "1/2-1/2"]
[WhiteElo "2532"]
[BlackElo "2281"]
[PlyCount "59"]
[EventDate "2004.09.18"]
[EventType "team"]
[EventRounds "11"]
[EventCountry "ENG"]
[SourceTitle "EXT 2006"]
[Source "ChessBase"]
[SourceDate "2005.11.24"]
[SourceVersion "1"]
[SourceVersionDate "2005.11.24"]
[SourceQuality "1"]
[WhiteTeam "Guildford"]
[BlackTeam "Micro Mark NWE"]
[WhiteTeamCountry "ENG"]
[BlackTeamCountry "ENG"]

1. e4 e5 2. Nf3 Nc6 3. Nc3 Nf6 4. Bb5 Bb4 5. 0-0 0-0 6. d3 d6 7. Bg5 Bxc3 8. bxc3 Qe7 9. Re1 h6 10. Bh4 g5 11. Bg3 g4 12. Nh4 Nh5 13. d4 Qg5 14. Bxc6 bxc6 15. Rb1 Be6 16. Rb7 Rfc8 17. Qd3 a5 18. Nf5 Nf4 19. Bxf4 exf4 20. h4 gxh3 21. Qxh3 Kh7 22. a3 a4 23. Qh4 Rab8 24. Qxg5 hxg5 25. Reb1 Rxb7 26. Rxb7 Bxf5 27. exf5 Kg7 28. g4 fxg3 29. fxg3 g4 30. Rb4 1/2-1/2

[Event "BCF-chT 0405 (4NCL)"]
[Site "West Bromwich"]
[Date "2004.11.21"]
[Round "4.5"]
[White "Quinn, Mark"]
[Black "Kennaugh, Charles"]
[Result "1/2-1/2"]
[WhiteElo "2409"]
[BlackElo "2281"]
[PlyCount "73"]
[EventDate "2004.09.18"]
[EventType "team"]
[EventRounds "11"]
[EventCountry "ENG"]
[SourceTitle "EXT 2006"]
[Source "ChessBase"]
[SourceDate "2005.11.24"]
[SourceVersion "1"]
[SourceVersionDate "2005.11.24"]
[SourceQuality "1"]
[WhiteTeam "Richmond"]
[BlackTeam "Micro Mark NWE"]
[WhiteTeamCountry "ENG"]
[BlackTeamCountry "ENG"]

1. c4 e6 2. d4 d5 3. Nf3 c6 4. Qc2 Nd7 5. g3 Ngf6 6. Bg2 Bd6 7. 0-0 0-0 8. Nc3 dxc4 9. Nd2 Nb6 10. a4 a5 11. Nce4 Nxe4 12. Bxe4 h6 13. Nxc4 Nxc4 14. Qxc4 e5 15. Be3 Qe7 16. dxe5 Bxe5 17. Rfd1 Be6 18. Qc2 Rfd8 19. f4 Bd6 20. Bb6 Bc7 21. Bc5 Bd6 22. Bb6 Bc7 23. Bxc7 Qxc7 24. Qc5 Bb3 25. Rxd8+ Rxd8 26. Ra3 Bd5 27. Bc2 b6 28. Qe3 c5 29. Rd3 Bc6 30. Rxd8+ Qxd8 31. Qe5 Qd4+ 32. Qxd4 cxd4 33. Kf2 Kf8 34. e3 dxe3+ 35. Kxe3 Ke7 36. Kd4 Kd6 37. Bb3 1/2-1/2

[Event "BCF-chT2 0405 (4NCL)"]
[Site "West Bromwich"]
[Date "2004.09.18"]
[Round "1.1"]
[White "Kennaugh, Charles"]
[Black "Arkell, Keith C"]
[Result "0-1"]
[WhiteElo "2287"]
[BlackElo "2489"]
[PlyCount "138"]
[EventDate "2004.09.18"]
[EventType "team"]
[EventRounds "11"]
[EventCountry "ENG"]
[SourceTitle "EXT 2006"]
[Source "ChessBase"]
[SourceDate "2005.11.24"]
[SourceVersion "1"]
[SourceVersionDate "2005.11.24"]
[SourceQuality "1"]
[WhiteTeam "Micro Mark NWE II"]
[BlackTeam "Hilsmark Kingfisher"]
[WhiteTeamCountry "ENG"]
[BlackTeamCountry "ENG"]

1. e4 c6 2. b3 d5 3. Bb2 dxe4 4. Nc3 Nf6 5. Nge2 Bf5 6. Ng3 Bg6 7. h4 h5 8. Qe2 Nbd7 9. Ngxe4 e6 10. g3 Nxe4 11. Nxe4 Bxe4 12. Qxe4 Nf6 13. Qf3 Qd5 14. Qxd5 cxd5 15. c4 0-0-0 16. Bxf6 gxf6 17. cxd5 Rxd5 18. Rc1+ Kb8 19. Bg2 Re5+ 20. Kd1 Ra5 21. a4 Bc5 22. Ke2 Bb6 23. Rc4 Rd8 24. Rhc1 Re5+ 25. Re4 Red5 26. Rc2 Bd4 27. Rf4 R5d6 28. Bf3 Rh8 29. Rc4 Be5 30. Rfe4 Ba1 31. Rc5 f5 32. Rec4 Rd7 33. Rc2 Bd4 34. R5c4 a6 35. d3 Bf6 36. b4 Bd4 37. Rc1 Be5 38. b5 axb5 39. axb5 Bd4 40. Rb1 Bb6 41. Rb3 Rc7 42. Rxc7 Kxc7 43. Rc3+ Kb8 44. Rc4 Bc7 45. Ke3 Rh7 46. d4 f6 47. Be2 Bb6 48. Bd3 Rd7 49. Be2 Rd5 50. Rb4 e5 51. Bxh5 Bxd4+ 52. Kf3 Rc5 53. Rb1 e4+ 54. Kf4 Bxf2 55. Be2 Bd4 56. h5 Rc2 57. Rd1 Bb6 58. Kxf5 Rxe2 59. h6 Rh2 60. Kg6 e3 61. h7 f5 62. Rd7 e2 63. Re7 Bd4 64. b6 Kc8 65. Kxf5 Rxh7 66. Rxe2 Bxb6 67. g4 Bd8 68. Kg6 Rc7 69. Re5 b6 0-1

[Event "Olomouc Proclient Cup"]
[Site "Olomouc"]
[Date "2004.07.06"]
[Round "3"]
[White "Kennaugh, Charles"]
[Black "Gavrilov, Alexei"]
[Result "0-1"]
[WhiteElo "2287"]
[BlackElo "2441"]
[PlyCount "76"]
[EventDate "2004.07.04"]
[EventType "tourn"]
[EventRounds "11"]
[EventCountry "CZE"]
[EventCategory "2"]
[SourceTitle "CBM 101 Extra"]
[Source "ChessBase"]
[SourceDate "2004.09.01"]
[SourceVersion "2"]
[SourceVersionDate "2004.09.01"]
[SourceQuality "1"]

1. e4 e5 2. f4 d5 3. exd5 exf4 4. Bc4 Qh4+ 5. Kf1 Bd6 6. Nc3 Ne7 7. Nb5 0-0 8. Nxd6 cxd6 9. d4 Bg4 10. Qe1 Qf6 11. Qf2 Rc8 12. Bb3 a5 13. a4 Nf5 14. c3 g5 15. Nf3 Re8 16. Bd2 Nd7 17. Kg1 h6 18. Rf1 Nf8 19. Bc4 Ng6 20. Ne1 Kg7 21. Nc2 Ngh4 22. Bc1 Re7 23. Bb5 Qg6 24. Ne1 Qh5 25. Nc2 f3 26. g3 Re2 27. Bxe2 fxe2 28. gxh4 exf1Q+ 29. Kxf1 Re8 30. Be3 Nxh4 31. Ke1 f5 32. h3 Bd1 33. Kd2 Bxc2 34. Kxc2 f4 35. Re1 fxe3 36. Rxe3 Qf7 37. Qe2 Qf5+ 38. Kd2 Qf4 0-1

[Event "Olomouc Proclient Cup"]
[Site "Olomouc"]
[Date "2004.07.04"]
[Round "1"]
[White "Kennaugh, Charles"]
[Black "Negi, Parimarjan"]
[Result "1-0"]
[WhiteElo "2287"]
[BlackElo "2273"]
[PlyCount "63"]
[EventDate "2004.07.04"]
[EventType "tourn"]
[EventRounds "11"]
[EventCountry "CZE"]
[EventCategory "2"]
[SourceTitle "CBM 101 Extra"]
[Source "ChessBase"]
[SourceDate "2004.09.01"]
[SourceVersion "2"]
[SourceVersionDate "2004.09.01"]
[SourceQuality "1"]

1. e4 c5 2. Nf3 e6 3. b3 d6 4. Bb2 Nf6 5. e5 dxe5 6. Nxe5 Nbd7 7. Bb5 a6 8. Bxd7+ Nxd7 9. Qh5 Nxe5 10. Bxe5 Qd5 11. Nc3 Qxg2 12. 0-0-0 Qg6 13. Qe2 f6 14. Bg3 Be7 15. Na4 Bd8 16. Nxc5 0-0 17. Bd6 Re8 18. Rhg1 Qf5 19. f4 b6 20. Rxg7+ Kxg7 21. Qg2+ Kh8 22. Qxa8 e5 23. Qc6 Rg8 24. Nd3 Bd7 25. Qc3 e4 26. Ne5 Be6 27. Nc6 Qg6 28. Be7 Bxe7 29. Nxe7 Qf7 30. Nxg8 Kxg8 31. Rg1+ Kf8 32. Qd4 1-0

[Event "BCF-chT 0304 (4NCL)"]
[Site "West Bromwich"]
[Date "2004.05.01"]
[Round "7.7"]
[White "Kennaugh, Charles"]
[Black "Franklin, Michael J"]
[Result "1/2-1/2"]
[WhiteElo "2290"]
[BlackElo "2224"]
[PlyCount "62"]
[EventDate "2003.10.18"]
[EventType "team"]
[EventRounds "11"]
[EventCountry "ENG"]
[SourceTitle "EXT 2005"]
[Source "ChessBase"]
[SourceDate "2004.11.15"]
[SourceVersion "1"]
[SourceVersionDate "2004.11.15"]
[SourceQuality "1"]
[WhiteTeam "Micro Mark NWE"]
[BlackTeam "Richmond"]
[WhiteTeamCountry "ENG"]
[BlackTeamCountry "ENG"]

1. e4 c5 2. Nf3 a6 3. b4 cxb4 4. a3 d5 5. exd5 Nf6 6. axb4 Nxd5 7. Bc4 e6 8. b5 Be7 9. d4 0-0 10. 0-0 Nb6 11. Bd3 axb5 12. Rxa8 Nxa8 13. Bxb5 Nc7 14. Bd3 Nc6 15. Re1 Nd5 16. c3 Qa5 17. Qb3 Bf6 18. Bd2 Qb6 19. Qc2 h6 20. Na3 Rd8 21. Nc4 Qc7 22. Qb3 Be7 23. Rb1 Nf4 24. Be4 Nd5 25. Nfe5 Nxe5 26. Nxe5 Bg5 27. Be1 Bf6 28. Nd3 Be7 29. Bf3 Rd6 30. Bxd5 Rxd5 31. Bd2 Bd6 1/2-1/2